00528nam a2200193Ia 4500008004000000041000800040082001200048100000600060245002100066260002600087650001000113650000800123650000800131650000700139690002200146906001100168999001900179952013600198210210b1950 xxu||||| |||| 00| 0 eng d aeng a320/651 a- aOn the red trail abNot Mentionedc1950 atrail athe ared aOn aPolitical Science a003283 c118633d118633 001040748Political ScienceaALbALcPolitical Scienced2021-02-17g0.00l0o320/651p003283r2021-02-17 00:00:00w2021-02-17yBK